00693 a2200193 4500020001000000035001300010037004300023082000600066090001500072100002600087245005800113260003900171270008800210300002300298490002600321942002100347999001500368952011600383 c75.00 aB-211075 bRP-PV-4 / PANSY-07-08:5 / RP-07-08:ENG14aN c4020d40201 aGardner, Erle Stanley1 aThe case of the waylaid wolfcby Erle Stanley Gardner aBangalorebMaster Mind Booksc2005 aNo. 25, Vasan Towers, Dr. TCM Royan Raode560053k080-26705679mvasanbks@bgl.net.in a196 pc18 cm (pbk) aA perry mason mystery adplcENkN / GAR c3939d3939 00102ddc407-18FICaZLSbZLSg75.00l0oN GARpB-211075r2022-10-13 00:00:00t1u4183v75.00w2008-09-15yEN